| 000 | 00584nam a22002057a 4500 | ||
|---|---|---|---|
| 008 | 220217b |||||||| |||| 00| 0 eng d | ||
| 020 | _a1473725454 | ||
| 050 |
_aHF5635 _b.I58 2017 |
||
| 245 |
_aInternational Financial Reporting and Analysis _cAlexander, David [et... al.]. |
||
| 250 | _a7th ed. | ||
| 260 |
_aAustralia _bCengage Learning _c2017 |
||
| 300 | _axv, 834p. | ||
| 650 | _aFinancial statements | ||
| 650 | _aAccounting | ||
| 700 | _aBritton, Anne | ||
| 700 | _aJorissen, Ann | ||
| 700 | _aHoogendoorn, Martin | ||
| 700 | _aMourik, Carien Van | ||
| 942 |
_2lcc _cBK |
||
| 999 |
_c19217 _d19216 |
||